God Rest Ye Merry Gentlemen Lyrics (Hard) - Statistics

General Stats
  • This quiz has been taken 17 times
    11 since last reset
  • The average score is 73 of 218
Answer Stats
Lyrics % Correct
all
100%
and
100%
astray
100%
born
100%
Christ
100%
Christmas
100%
comfort
100%
Day
100%
dismay
100%
from
100%
gentlemen
100%
God
100%
gone
100%
joy
100%
Let
100%
merry
100%
nothing
100%
of
100%
Oh
100%
on
100%
our
100%
pow'r
100%
Remember
100%
rest
100%
Satan's
100%
save
100%
Savior
100%
tidings
100%
To
100%
us
100%
Was
100%
we
100%
were
100%
When
100%
ye
100%
you
100%
a
50%
all
50%
and
50%
and
50%
and
50%
and
50%
and
50%
and
50%
Angel
50%
astray
50%
Babe
50%
Bethlehem,
50%
blessed
50%
born
50%
born
50%
Christ
50%
Christmas
50%
Comfort
50%
comfort
50%
comfort
50%
comfort
50%
Comfort
50%
comfort
50%
Day
50%
dismay
50%
from
50%
gentlemen
50%
God
50%
gone
50%
In
50%
In
50%
Israel
50%
joy
50%
joy
50%
joy
50%
joy
50%
joy
50%
joy
50%
laid
50%
Let
50%
manger
50%
merry
50%
nothing
50%
of
50%
of
50%
of
50%
of
50%
Oh
50%
Oh
50%
Oh
50%
Oh
50%
on
50%
our
50%
pow'r
50%
Remember
50%
rest
50%
Satan's
50%
Save
50%
Savior
50%
scorn
50%
the
50%
tidings
50%
tidings
50%
tidings
50%
tidings
50%
To
50%
us
50%
Was
50%
was
50%
we
50%
were
50%
When
50%
ye
50%
you
50%
a
0%
a
0%
affright
0%
all
0%
all
0%
And
0%
and
0%
and
0%
and
0%
and
0%
and
0%
and
0%
and
0%
astray
0%
blessed
0%
born
0%
born
0%
bright
0%
Christ
0%
Christmas
0%
comfort
0%
Comfort
0%
comfort
0%
comfort
0%
Comfort
0%
comfort
0%
day
0%
Day
0%
Did
0%
dismay
0%
Fear
0%
free
0%
From
0%
from
0%
gentlemen
0%
God
0%
gone
0%
Him
0%
His
0%
in
0%
in
0%
is
0%
joy
0%
joy
0%
joy
0%
joy
0%
joy
0%
joy
0%
Let
0%
Let
0%
Mary
0%
merry
0%
might
0%
morn
0%
Mother
0%
not
0%
nothing
0%
nothing
0%
nothing
0%
Of
0%
of
0%
of
0%
of
0%
of
0%
Oh
0%
Oh
0%
Oh
0%
Oh
0%
on
0%
our
0%
pow'r
0%
pow'r
0%
pure
0%
Remember
0%
rest
0%
said
0%
Satan's
0%
Satan's
0%
save
0%
Savior
0%
Savior
0%
take
0%
The
0%
then,
0%
This
0%
this
0%
This
0%
those
0%
tidings
0%
tidings
0%
tidings
0%
tidings
0%
To
0%
To
0%
trust
0%
Upon
0%
us
0%
Virgin
0%
was
0%
we
0%
were
0%
When
0%
which
0%
who
0%
within
0%
ye
0%
you
0%
you
0%
No matching quizzes found
Score Distribution
Percent of People with Each Score
Percentile by Number Answered
Your Score History
You have not taken this quiz since the last reset